000 00608nam a2200229Ia 4500
003 OSt
005 20221005073015.0
006 a|||||r|||| 00| 0
007 ta
008 221004b |||||||| |||| 00| 0 eng d
024 _a30037
037 _cTextual
040 _aCRL
_cCRL
_beng
041 _2eng
_aeng
082 _aV2,4'N, M5
100 _aNarag A S
_9246447
245 0 _aIndian Government and politics
260 _aNew Delhi
_bGeetanjali Publishing House India
_c1985
300 _axii,381p.
_ccm.
942 _hV2,4'N, M5
_cTEXL
_2cc
999 _c980408
_d980408